| 000 | 00459nam a22001697a 4500 | ||
|---|---|---|---|
| 020 | _a61-7824-033-S | ||
| 082 |
_a900 _bCHA/C |
||
| 100 | _aCHATTERJEE, PARTHA | ||
| 100 | _aJEGANATHAN, PRADEEP | ||
| 245 |
_aCOMMUNITY, GENDER AND VIOLENCE _bSOCIAL SCIENCE |
||
| 246 |
_aCOMMUNITY GENDER AND VIOLENCE _bSOCIAL SCIENCE |
||
| 260 |
_aDELHI _bPERMANENT BLACK _c2000 |
||
| 300 | _a347 | ||
| 520 | _aSUBALTERN STUDIES- XI | ||
| 650 | _aSOCIAL SCIENCE | ||
| 942 | _cBK | ||
| 999 |
_c1577 _d1577 |
||